LEADER 00825nam0-22003011i-450- 001 990001655180403321 005 20050429110715.0 035 $a000165518 035 $aFED01000165518 035 $a(Aleph)000165518FED01 035 $a000165518 100 $a20030910d1957----km-y0itay50------ba 101 0 $aita 200 1 $aCatasto ex-austriaco e libro fondiario$fArrigo Velicogna 210 $aTrieste$cGraf. Smolars$d1957 215 $a88 p.$d24 cm 610 0 $aEstimo civile 610 0 $aEstimo rurale 676 $a333.335 676 $a333.337 700 1$aVelicogna,$bArrigo$0353863 801 0$aIT$bUNINA$gRICA$2UNIMARC 901 $aBK 912 $a990001655180403321 952 $a60 631.16 B 24$b37337$fFAGBC 959 $aFAGBC 996 $aCatasto ex-austriaco e libro fondiario$9373034 997 $aUNINA LEADER 01903nas 2200625-a 450 001 996321692303316 005 20240413023519.0 011 $a2387-6719 035 $a(CKB)110978979779547 035 $a(CONSER)sf-93094934- 035 $a(DE-599)ZDB3034379-3 035 $a(EXLCZ)99110978979779547 100 $a19850425a19839999 --- b 101 0 $anor 181 $ctxt$2rdacontent 182 $cc$2rdamedia 183 $acr$2rdacarrier 200 00$aNorsk lingvistisk tidsskrift $eNLT 210 $aOslo $cNovus$d1983- 215 $a1 online resource 300 $aTitle from cover. 300 $aRefereed/Peer-reviewed 311 $aPrint version: Norsk lingvistisk tidsskrift : (DLC)sf 93094934 (OCoLC)11962611 0800-3076 517 3 $aNLT 531 0 $aNor. lingvist. tidsskr. 606 $aNorwegian philology$vPeriodicals 606 $aNorwegian language$vPeriodicals 606 $aNorwegian language$2fast$3(OCoLC)fst01039384 606 $aNorwegian philology$2fast$3(OCoLC)fst01039465 606 $aTaalwetenschap$2gtt 606 $aNoors$2gtt 606 $aLinguistik$3(DE-588)4074250-7$2gnd 606 $aNorwegisch$3(DE-588)4120291-0$2gnd 606 $aZeitschrift$3(DE-588)4067488-5$2gnd 606 $aZeitschrift$2swd 606 $aLinguistik$2swd 607 $aNorwegisch$2swd 608 $aPeriodicals.$2fast 610 $aNorwegian language$aSerials 615 0$aNorwegian philology 615 0$aNorwegian language 615 7$aNorwegian language. 615 7$aNorwegian philology. 615 17$aTaalwetenschap. 615 17$aNoors. 615 07$aLinguistik. 615 07$aNorwegisch. 615 07$aZeitschrift. 615 07$aZeitschrift. 615 07$aLinguistik. 906 $aJOURNAL 912 $a996321692303316 920 $aexl_impl conversion 996 $aNorsk lingvistisk tidsskrift$92580116 997 $aUNISA LEADER 04291nam 2200757 a 450 001 9910819137703321 005 20200520144314.0 010 $a9786613177261 010 $a9781118116043 010 $a1118116046 010 $a9781283177269 010 $a1283177269 010 $a9781118269091 010 $a1118269098 010 $a9781118116029 010 $a111811602X 035 $a(CKB)2550000000041667 035 $a(EBL)697627 035 $a(SSID)ssj0000534232 035 $a(PQKBManifestationID)11329775 035 $a(PQKBTitleCode)TC0000534232 035 $a(PQKBWorkID)10492864 035 $a(PQKB)10264502 035 $a(MiAaPQ)EBC697627 035 $a(PPN)18941734X 035 $a(CaSebORM)9781118116043 035 $a(OCoLC)747412460 035 $a(Perlego)1010742 035 $a(EXLCZ)992550000000041667 100 $a20110418d2011 uy 0 101 0 $aeng 135 $aur|n|---||||| 181 $ctxt 182 $cc 183 $acr 200 00$aAuditing cloud computing $ea security and privacy guide /$f[edited by] Ben Halpert 205 $a1st edition 210 $aHoboken, N.J. $cJohn Wiley & Sons$dc2011 215 $a1 online resource (224 p.) 225 1 $aWiley corporate F & A ;$v21 300 $aDescription based upon print version of record. 311 08$a9780470874745 311 08$a0470874740 320 $aIncludes bibliographical references and index. 327 $aAUDITING CLOUD COMPUTING: A Security and Privacy Guide; Contents; Preface; Chapter 1: Introduction to Cloud Computing; Chapter 2: Cloud-Based IT Audit Process; Chapter 3: Cloud-Based IT Governance; Chapter 4: System and Infrastructure Lifecycle Management for the Cloud; Chapter 5: Cloud-Based IT Service Delivery and Support; Chapter 6: Protection and Privacy of Information Assets in the Cloud; Chapter 7: Business Continuity and Disaster Recovery; Chapter 8: Global Regulation and Cloud Computing; Chapter 9: Cloud Morphing: Shaping the Future of Cloud Computing Security and Audit 327 $aAppendix: Cloud Computing Audit ChecklistAbout the Editor; About the Contributors; Index 330 $a"The auditor's guide to ensuring correct security and privacy practices in a cloud computing environment. Many organizations are reporting or projecting a significant cost savings through the use of cloud computing--utilizing shared computing resources to provide ubiquitous access for organizations and end users. Just as many organizations, however, are expressing concern with security and privacy issues for their organization's data in the "cloud." Auditing Cloud Computing provides necessary guidance to build a proper audit to ensure operational integrity and customer data protection, among other aspects, are addressed for cloud based resources. Provides necessary guidance to ensure auditors address security and privacy aspects that through a proper audit can provide a specified level of assurance for an organization's resources. Reveals effective methods for evaluating the security and privacy practices of cloud services. A cloud computing reference for auditors and IT security professionals, as well as those preparing for certification credentials, such as Certified Information Systems Auditor (CISA). Timely and practical, Auditing Cloud Computing expertly provides information to assist in preparing for an audit addressing cloud computing security and privacy for both businesses and cloud based service providers"--$cProvided by publisher. 410 0$aWiley corporate F & A ;$v21. 606 $aBusiness enterprises$xComputer networks$xSecurity measures 606 $aCloud computing$xSecurity measures 606 $aInformation technology$xSecurity measures 606 $aData protection 615 0$aBusiness enterprises$xComputer networks$xSecurity measures. 615 0$aCloud computing$xSecurity measures. 615 0$aInformation technology$xSecurity measures. 615 0$aData protection. 676 $a005.8 686 $aBUS003000$2bisacsh 701 $aHalpert$b Ben$f1986-$0888177 801 0$bMiAaPQ 801 1$bMiAaPQ 801 2$bMiAaPQ 906 $aBOOK 912 $a9910819137703321 996 $aAuditing cloud computing$94002127 997 $aUNINA